| 000 | 00946nac a22003257a 4500 | ||
|---|---|---|---|
| 001 | BR0902374 | ||
| 003 | BR-BrBNA | ||
| 005 | 20240105123739.0 | ||
| 008 | 230509b bl.|||m| |||| 00| 0 por d | ||
| 040 |
_aBR-BrBNA _bpor _cBiblioteca Nacional de Agricultura |
||
| 072 | _aF08 | ||
| 090 | _a0120 BR0902374 | ||
| 100 | 1 | _aPereira Fillho, I.A. | |
| 100 | 1 | _aKaram, D | |
| 110 | 1 | _aEMBRAPA Milho e Sorgo, Sete Lagoas, MG (Brasil) | |
| 245 | 1 | _aA cultura do minimilho | |
| 260 | 3 |
_aBrasília, DF (Brasil): _bEMBRAPA Informação Tecnológica, _c2008. |
|
| 300 | _a65 p. | ||
| 490 |
_aColeção Plantar (Brazil) _vno. 63 _x |
||
| 500 | _a13 illus. | ||
| 650 | _aMILHO | ||
| 650 | _aSISTEMA DE CULTIVO | ||
| 650 | _aDOENÇA DE PLANTA | ||
| 650 | _aPRAGA DE PLANTA | ||
| 650 | _aCOLHEITA | ||
| 650 | _aCONTROLE QUÍMICO | ||
| 650 | _aCOMERCIALIZAÇÃO | ||
| 909 |
_a202312 _bLúcia Elande _c55 _dLúcia Elande |
||
| 942 |
_2AGRIS _n0 _cMS |
||
| 999 |
_c296822 _d296822 |
||